[Event "Saarland-ch Seniors 87th"]
[Site "Voelklingen"]
[Date "2012.04.03"]
[Round "5"]
[White "Bickelmann, Horst"]
[Black "Schampel, Arno"]
[Result "0-1"]
[WhiteElo "1490"]
[BlackElo "1924"]
[PlyCount "104"]
[EventDate "2012.03.30"]
[EventType "swiss"]
[EventRounds "7"]
[EventCountry "GER"]
[SourceTitle "EXT 2013"]
[Source "ChessBase"]
[SourceDate "2012.11.22"]
[SourceVersion "1"]
[SourceVersionDate "2012.11.22"]
[SourceQuality "1"]

1. e4 e6 2. d4 d5 3. Nc3 Nf6 4. Bd3 c5 5. exd5 cxd4 6. Nce2 e5 7. Bg5 Nbd7 8. Nf3 Qb6 9. Nd2 Bb4 10. 0-0 0-0 11. c3 dxc3 12. bxc3 Be7 13. Be3 Qc7 14. c4 Nc5 15. Bxc5 Bxc5 16. h3 Re8 17. Ng3 Bd7 18. Nde4 Nxe4 19. Bxe4 g6 20. Bc2 Bd4 21. Rb1 b6 22. Ne4 Kg7 23. Qd2 f5 24. Ng5 Qxc4 25. Bb3 Qc3 26. Qxc3 Bxc3 27. Rfd1 h6 28. Ne6+ Bxe6 29. dxe6 Bd4 30. Rbc1 Re7 31. Rc6 g5 32. Rdc1 a5 33. Rc7 Ra7 34. Rc8 e4 35. Kf1 b5 36. R1c6 a4 37. Bd5 Kf6 38. a3 Bb2 39. Rb6 Bxa3 40. Rxb5 Bd6 41. Rf8+ Kg6 42. Rf7 a3 43. Rxe7 Bxe7 44. Ba2 Rc7 45. Rb1 Rc2 46. Bb3 Rd2 47. g3 Kf6 48. Bc4 Bc5 49. f4 exf3 50. Ke1 Rg2 51. Rb5 Be7 52. Bd5 a2 0-1

[Event "Niedersachsen-ch Seniors op 14th"]
[Site "Bad Bevensen"]
[Date "2011.07.09"]
[Round "5"]
[White "Schampel, Arno"]
[Black "Scholtyssek, Werner"]
[Result "0-1"]
[WhiteElo "1690"]
[BlackElo "1609"]
[PlyCount "106"]
[EventDate "2011.07.05"]
[EventType "swiss"]
[EventRounds "9"]
[EventCountry "GER"]
[SourceTitle "EXT 2012"]
[Source "ChessBase"]
[SourceDate "2011.11.24"]
[SourceVersion "1"]
[SourceVersionDate "2011.11.24"]
[SourceQuality "1"]

1. Nf3 b6 2. d4 Bb7 3. Nbd2 Nf6 4. g3 e6 5. Bg2 c5 6. c3 Nc6 7. 0-0 Qc7 8. e4 d6 9. Re1 Be7 10. Qa4 0-0 11. Qc2 Rac8 12. e5 dxe5 13. dxe5 Nd7 14. Nc4 b5 15. Na3 a6 16. Bg5 Bxg5 17. Nxg5 g6 18. f4 Ne7 19. Ne4 Bxe4 20. Qxe4 Nb8 21. Rad1 Rfd8 22. Nc2 Rd7 23. Ne3 Rcd8 24. Rxd7 Rxd7 25. Re2 Qd8 26. Kf2 c4 27. Ng4 Kg7 28. Qe3 Rd3 29. Qa7 a5 30. Nf6 b4 31. Ne4 Nbc6 32. Qc5 bxc3 33. bxc3 Rd5 34. Qxc4 Qb6+ 35. Kf3 Rxe5 36. Qb3 Rb5 37. Qd1 Rd5 38. Qc2 Nf5 39. Qb2 Rd3+ 40. Kg4 Qd8 41. Qb5 Nh6+ 42. Kh3 Rd5 43. Qxd5 exd5 44. Nf2 Nf5 45. Rd2 Nce7 46. Bf3 Ne3 47. Rd3 N3f5 48. g4 Nh6 49. Kg3 Qc8 50. Nd1 Qc4 51. Rd2 Nhg8 52. Re2 h5 53. h3 h4+ 0-1

[Event "Niedersachsen-ch Seniors op 14th"]
[Site "Bad Bevensen"]
[Date "2011.07.07"]
[Round "3"]
[White "Schampel, Arno"]
[Black "Voelkel, Gustav"]
[Result "1-0"]
[WhiteElo "1690"]
[BlackElo "1391"]
[PlyCount "151"]
[EventDate "2011.07.05"]
[EventType "swiss"]
[EventRounds "9"]
[EventCountry "GER"]
[SourceTitle "EXT 2012"]
[Source "ChessBase"]
[SourceDate "2011.11.24"]
[SourceVersion "1"]
[SourceVersionDate "2011.11.24"]
[SourceQuality "1"]

1. d4 d5 2. c4 e6 3. Nf3 Nf6 4. Nc3 Bb4 5. Bg5 Nbd7 6. e3 0-0 7. Rc1 Re8 8. Ne5 Be7 9. f4 c6 10. Bd3 dxc4 11. Nxc4 Nd5 12. Bxe7 Qxe7 13. 0-0 N7f6 14. Qf3 Nxc3 15. Rxc3 Nd5 16. Rcc1 Nb4 17. Bb1 f6 18. a3 Na6 19. b4 Nc7 20. Rce1 Rd8 21. Qh3 g6 22. Qh4 Qg7 23. Ba2 Nd5 24. Nd2 Bd7 25. Ne4 Qe7 26. Nc5 Rab8 27. Qh3 Kg7 28. e4 Nc7 29. f5 Qd6 30. Rd1 exf5 31. Nxd7 Qxd7 32. exf5 g5 33. Qg3 Nd5 34. h4 h6 35. Rd3 Re8 36. Rff3 Rbd8 37. Bxd5 cxd5 38. Rc3 Rc8 39. hxg5 hxg5 40. Rc5 Rxc5 41. bxc5 Re4 42. Qf2 Qa4 43. Rd3 Qb5 44. Rd1 Qa4 45. Rb1 Qd7 46. Qb2 Re7 47. Qc2 Re4 48. Qd3 Qe7 49. Qb3 Re1+ 50. Kh2 Qc7+ 51. g3 Rxb1 52. Qxb1 b6 53. cxb6 axb6 54. Kh3 Qd6 55. a4 Qd7 56. Qc2 Kh6 57. Kg4 Qe7 58. Qh2+ Kg7 59. Qg2 Qe4+ 60. Qxe4 dxe4 61. Kh3 Kf7 62. Kg2 Ke7 63. Kf2 Kd6 64. g4 Kd5 65. Ke3 Kc4 66. Kxe4 Kb4 67. Kd5 Kxa4 68. Ke6 b5 69. d5 b4 70. d6 b3 71. d7 b2 72. d8Q b1Q 73. Qa8+ Kb3 74. Qb7+ Kc2 75. Qxb1+ Kxb1 76. Kxf6 1-0

[Event "GER-ch Seniors 22nd"]
[Site "Berlin"]
[Date "2010.08.19"]
[Round "4"]
[White "Mann, Klaus Dieter"]
[Black "Schampel, Arno"]
[Result "1-0"]
[WhiteElo "1898"]
[BlackElo "1662"]
[PlyCount "89"]
[EventDate "2010.08.16"]
[EventType "swiss"]
[EventRounds "9"]
[EventCountry "GER"]
[SourceTitle "CBM 138 Extra"]
[Source "ChessBase"]
[SourceDate "2010.10.29"]
[SourceVersion "1"]
[SourceVersionDate "2010.10.29"]
[SourceQuality "1"]

1. e4 e6 2. d4 d5 3. Nc3 Nf6 4. e5 Nfd7 5. f4 c5 6. Nf3 Nc6 7. Be3 c4 8. Be2 Bb4 9. a3 Bxc3+ 10. bxc3 f6 11. 0-0 Qa5 12. Bd2 Ne7 13. Qb1 0-0 14. Qb2 Qc7 15. g3 Rf7 16. Rfe1 Nf8 17. Bf1 h6 18. Bg2 f5 19. h4 g6 20. Kf2 Rg7 21. h5 Bd7 22. hxg6 Nexg6 23. Rh1 Rh7 24. Rh5 Be8 25. Rah1 Qg7 26. R5h2 b6 27. Ne1 Rb8 28. Bf3 Nh8 29. g4 fxg4 30. Bxg4 Bg6 31. Rg1 Qe7 32. Nf3 Kf7 33. Nh4 Be4 34. f5 exf5 35. Nxf5 Bxf5 36. Bxf5 Nfg6 37. Ke1 Nxe5 38. dxe5 Qxe5+ 39. Re2 Qxf5 40. Rf1 Qxf1+ 41. Kxf1 Ng6 42. Qb5 Ne7 43. Qd7 Kg8 44. Rxe7 Rf8+ 45. Kg2 1-0

[Event "Saarland-ch Seniors"]
[Site "Schiffweiler"]
[Date "2009.04.10"]
[Round "8"]
[White "Schampel, Arno"]
[Black "Passeier, Helmut"]
[Result "1/2-1/2"]
[WhiteElo "1956"]
[BlackElo "1875"]
[PlyCount "60"]
[EventDate "2009.04.03"]
[EventType "swiss"]
[EventRounds "9"]
[EventCountry "GER"]
[SourceTitle "EXT 2012"]
[Source "ChessBase"]
[SourceDate "2011.11.24"]
[SourceVersion "1"]
[SourceVersionDate "2011.11.24"]
[SourceQuality "1"]

1. d4 c5 2. Nf3 cxd4 3. Nxd4 Nc6 4. g3 g6 5. Bg2 Bg7 6. Nxc6 bxc6 7. 0-0 Rb8 8. c3 Nf6 9. Nd2 0-0 10. Qa4 Qc7 11. Ne4 Rb5 12. Nxf6+ Bxf6 13. Qc2 Ba6 14. a4 Rb7 15. Rb1 Bc4 16. b3 Rfb8 17. b4 d5 18. Re1 a5 19. Bd2 e6 20. e4 Be7 21. exd5 cxd5 22. Bf4 Bd6 23. Bxd6 Qxd6 24. b5 Qb6 25. Qd2 Rc8 26. Qe3 Qxe3 27. Rxe3 Rb6 28. Bf1 Kf8 29. Bxc4 Rxc4 30. Ra1 Ke7 1/2-1/2

[Event "Saarland-ch Seniors"]
[Site "Schiffweiler"]
[Date "2009.04.07"]
[Round "5"]
[White "Bauer, Werner"]
[Black "Schampel, Arno"]
[Result "1-0"]
[WhiteElo "1736"]
[BlackElo "1956"]
[PlyCount "43"]
[EventDate "2009.04.03"]
[EventType "swiss"]
[EventRounds "9"]
[EventCountry "GER"]
[SourceTitle "EXT 2012"]
[Source "ChessBase"]
[SourceDate "2011.11.24"]
[SourceVersion "1"]
[SourceVersionDate "2011.11.24"]
[SourceQuality "1"]

1. e4 c5 2. c3 d6 3. d4 cxd4 4. cxd4 Nf6 5. Nc3 a6 6. Nf3 Bg4 7. a4 g6 8. Bc4 Bg7 9. e5 dxe5 10. Bxf7+ Kf8 11. Ba2 exd4 12. Qxd4 Nc6 13. Qc4 e6 14. Be3 Rc8 15. Ng5 Qe8 16. Nxe6+ Bxe6 17. Qxe6 Ne7 18. 0-0 Rc6 19. Qb3 Nd7 20. Rad1 Nc5 21. Bxc5 Rxc5 22. Rd8 1-0

[Event "Saarland-ch Seniors"]
[Site "Schiffweiler"]
[Date "2009.04.05"]
[Round "3"]
[White "Backes, Robert"]
[Black "Schampel, Arno"]
[Result "1/2-1/2"]
[WhiteElo "1552"]
[BlackElo "1956"]
[PlyCount "103"]
[EventDate "2009.04.03"]
[EventType "swiss"]
[EventRounds "9"]
[EventCountry "GER"]
[SourceTitle "EXT 2012"]
[Source "ChessBase"]
[SourceDate "2011.11.24"]
[SourceVersion "1"]
[SourceVersionDate "2011.11.24"]
[SourceQuality "1"]

1. d4 Nf6 2. c4 c6 3. Nc3 d5 4. e3 Bf5 5. Bd3 Bxd3 6. Qxd3 dxc4 7. Qxc4 e6 8. Nf3 Nbd7 9. 0-0 Be7 10. e4 Nb6 11. Qe2 0-0 12. Bg5 h6 13. Be3 Ng4 14. Bf4 Nf6 15. a3 Rc8 16. b4 Nh7 17. Rfd1 Ng5 18. Ne1 Bd6 19. e5 Be7 20. Rac1 Nd5 21. Bg3 a5 22. Nxd5 cxd5 23. Qb5 axb4 24. axb4 Ne4 25. Qxb7 Rb8 26. Qc7 Rxb4 27. f3 Nxg3 28. hxg3 Re8 29. Qxd8 Rxd8 30. Rc7 Bf8 31. Nc2 Rc4 32. Rxc4 dxc4 33. Ra1 Rb8 34. Kf2 Rb2 35. Rc1 f6 36. f4 fxe5 37. fxe5 Be7 38. Kf3 Rb3+ 39. Ne3 Bg5 40. Re1 c3 41. Nc2 Rb2 42. Re2 Bd2 43. Rxd2 cxd2 44. Ne3 Rb4 45. Ke4 Kf7 46. Kd3 Ke7 47. d5 Rb3+ 48. Kxd2 Rxe3 49. Kxe3 exd5 50. g4 Ke6 51. Kd4 g6 52. g5 1/2-1/2

[Event "Saarland-ch Seniors"]
[Site "Schiffweiler"]
[Date "2009.04.04"]
[Round "2"]
[White "Schampel, Arno"]
[Black "Bickelmann, Horst"]
[Result "0-1"]
[WhiteElo "1956"]
[BlackElo "1471"]
[PlyCount "134"]
[EventDate "2009.04.03"]
[EventType "swiss"]
[EventRounds "9"]
[EventCountry "GER"]
[SourceTitle "EXT 2012"]
[Source "ChessBase"]
[SourceDate "2011.11.24"]
[SourceVersion "1"]
[SourceVersionDate "2011.11.24"]
[SourceQuality "1"]

1. d4 Nf6 2. Nf3 b6 3. g3 Bb7 4. Bg2 d5 5. 0-0 e6 6. c4 Nc6 7. cxd5 Nxd5 8. e4 Nf6 9. Nc3 Be7 10. Re1 0-0 11. a3 a6 12. b4 Na7 13. Bb2 Rb8 14. Rc1 c5 15. e5 Nd5 16. bxc5 bxc5 17. Na4 Bc6 18. Re2 Qa5 19. Nxc5 Rfd8 20. h4 Rb5 21. Nd3 Bxa3 22. Ra1 Rxb2 23. Rxb2 Nb5 24. Qb3 g6 25. Rba2 Qc3 26. Rxa3 Nxa3 27. Qxc3 Nxc3 28. Rxa3 Nd5 29. Nc5 Nb4 30. Kf1 Z0 31. Ke1 Nc2+ 32. Kd2 Nxa3 33. Kc3 Nb5+ 34. Kc4 a5 35. Nb3 a4 36. Na5 Be8 37. Bf1 a3 38. Kb3 Nxd4+ 39. Nxd4 Rxd4 40. Nc4 Bb5 41. Ne3 a2 42. Kxa2 Bxf1 43. Nxf1 Rd1 44. Ne3 Rd2+ 45. Kb1 Rxf2 46. Ng4 Rf3 47. Nf6+ Kh8 48. g4 Re3 49. Kc2 Rxe5 50. Kd3 Ra5 51. Ke3 h6 52. Kf3 Ra8 53. Kf4 Kg7 54. Nd7 f6 55. Nc5 Kf7 56. Ke4 Ra5 57. Nb7 Ra6 58. Nc5 Rc6 59. Nd3 Rc4+ 60. Kf3 e5 61. Ne1 Ke6 62. Ng2 f5 63. gxf5+ gxf5 64. h5 Kf6 65. Ne3 Rc3 66. Ke2 Kg5 67. Nd5 Rh3 0-1

[Event "Saarland-ch Seniors"]
[Site "Schiffweiler"]
[Date "2009.04.03"]
[Round "1"]
[White "Mischke, Luis"]
[Black "Schampel, Arno"]
[Result "1-0"]
[WhiteElo "2099"]
[BlackElo "1956"]
[PlyCount "59"]
[EventDate "2009.04.03"]
[EventType "swiss"]
[EventRounds "9"]
[EventCountry "GER"]
[SourceTitle "EXT 2012"]
[Source "ChessBase"]
[SourceDate "2011.11.24"]
[SourceVersion "1"]
[SourceVersionDate "2011.11.24"]
[SourceQuality "1"]

1. e4 c5 2. Nf3 d6 3. d4 cxd4 4. Nxd4 Nf6 5. Nc3 a6 6. Bg5 Nc6 7. Qd2 Qb6 8. Nb3 Bd7 9. 0-0-0 Rc8 10. Kb1 e6 11. h3 Be7 12. g4 Ne5 13. Be2 h6 14. Be3 Qc7 15. f4 Nc4 16. Bxc4 Qxc4 17. e5 Ne4 18. Nxe4 Qxe4 19. exd6 Bf6 20. Nc5 Qc6 21. g5 hxg5 22. fxg5 Bd8 23. Nxd7 Kxd7 24. h4 b5 25. Rhf1 f6 26. Qd3 Qc4 27. Qg6 Rxh4 28. Qxg7+ Kc6 29. Qa7 b4 30. d7 1-0

[Event "GER-ch Seniors-A 20th"]
[Site "Erfurt"]
[Date "2008.08.12"]
[Round "8"]
[White "Schampel, Arno"]
[Black "Wulf, Adalbert"]
[Result "0-1"]
[WhiteElo "1676"]
[BlackElo "1818"]
[PlyCount "108"]
[EventDate "2008.08.05"]
[EventType "swiss"]
[EventRounds "9"]
[EventCountry "GER"]
[SourceTitle "CBM 126 Extra"]
[Source "ChessBase"]
[SourceDate "2008.11.05"]
[SourceVersion "1"]
[SourceVersionDate "2008.11.05"]
[SourceQuality "1"]

1. d4 Nf6 2. c4 e6 3. Bg5 Be7 4. Nf3 b6 5. Nc3 Bb7 6. e3 0-0 7. Rc1 d6 8. d5 e5 9. Bd3 Nbd7 10. h3 Rc8 11. Bf5 h6 12. Bxf6 Bxf6 13. Qa4 Nc5 14. Qc2 Ra8 15. b4 Na6 16. a3 Bc8 17. Bd3 Nb8 18. Ne4 g6 19. 0-0 Bg7 20. Ng3 f5 21. e4 f4 22. Ne2 a5 23. c5 bxc5 24. bxc5 Na6 25. c6 Nc5 26. Bb5 g5 27. Nh2 h5 28. f3 Bh6 29. Rb1 Kh8 30. Nc3 Rg8 31. Kh1 g4 32. fxg4 hxg4 33. hxg4 Bxg4 34. Nxg4 Rxg4 35. Rf3 Qg5 36. Rh3 Rg8 37. Rg1 Rg3 38. Qf2 Kg7 39. Ne2 Nxe4 40. Qf1 Kh7 41. Bd3 Rxd3 42. Rxd3 Qh4+ 43. Rh3 Nf2+ 44. Kh2 Nxh3 45. gxh3 Rxg1 46. Nxg1 Qg3+ 47. Kh1 Qb3 48. Qf3 Qxf3+ 49. Nxf3 e4 50. Ne5 f3 51. Nc4 Bf4 52. Kg1 e3 53. Nb2 e2 54. Nd3 Be3+ 0-1

[Event "GER-ch Seniors-A 20th"]
[Site "Erfurt"]
[Date "2008.08.07"]
[Round "3"]
[White "Dahlhaus, Friedhelm"]
[Black "Schampel, Arno"]
[Result "1-0"]
[WhiteElo "1962"]
[BlackElo "1676"]
[PlyCount "101"]
[EventDate "2008.08.05"]
[EventType "swiss"]
[EventRounds "9"]
[EventCountry "GER"]
[SourceTitle "CBM 126 Extra"]
[Source "ChessBase"]
[SourceDate "2008.11.05"]
[SourceVersion "1"]
[SourceVersionDate "2008.11.05"]
[SourceQuality "1"]

1. e4 c5 2. Nf3 Nc6 3. d4 cxd4 4. Nxd4 Nf6 5. Nc3 e5 6. Nb3 a6 7. Bg5 d6 8. Qd2 b5 9. 0-0-0 Be6 10. f3 Be7 11. Bxf6 gxf6 12. Nd5 Bxd5 13. exd5 Na7 14. g3 Qb6 15. Bh3 h5 16. Bf5 b4 17. Rhe1 a5 18. Re4 Nb5 19. Qe2 a4 20. Nd4 Nxd4 21. Rdxd4 b3 22. Rxa4 Rxa4 23. Rxa4 bxa2 24. Rxa2 Qg1+ 25. Kd2 Qd4+ 26. Qd3 Qf2+ 27. Qe2 Qd4+ 28. Qd3 Qf2+ 29. Kc3 Qc5+ 30. Qc4 Qe3+ 31. Bd3 Kf8 32. Ra8+ Kg7 33. Rxh8 Kxh8 34. Qe4 Qh6 35. Qf5 Kg7 36. h4 Bf8 37. b4 Qg6 38. b5 Qxf5 39. Bxf5 Be7 40. b6 Bd8 41. b7 Bc7 42. Kb4 Kf8 43. Kb5 Ke7 44. Kc6 Kd8 45. g4 hxg4 46. fxg4 Bb8 47. h5 Ke7 48. h6 Kf8 49. c4 Kg8 50. c5 dxc5 51. d6 1-0

[Event "GER-ch Seniors-A 20th"]
[Site "Erfurt"]
[Date "2008.08.05"]
[Round "1"]
[White "Metzger, Eberhard"]
[Black "Schampel, Arno"]
[Result "1-0"]
[WhiteElo "1776"]
[BlackElo "1676"]
[PlyCount "123"]
[EventDate "2008.08.05"]
[EventType "swiss"]
[EventRounds "9"]
[EventCountry "GER"]
[SourceTitle "CBM 126 Extra"]
[Source "ChessBase"]
[SourceDate "2008.11.05"]
[SourceVersion "1"]
[SourceVersionDate "2008.11.05"]
[SourceQuality "1"]

1. e4 e6 2. d4 d5 3. Nc3 Bb4 4. a3 Bxc3+ 5. bxc3 dxe4 6. f3 Bd7 7. Nh3 exf3 8. Qxf3 Bc6 9. Qg3 Nf6 10. Bd3 Nh5 11. Qf2 Qf6 12. Qe2 Qh4+ 13. Kd1 h6 14. Be3 Nf6 15. Nf2 Nd5 16. Bd2 Nd7 17. g3 Qd8 18. Re1 N5f6 19. g4 Nh7 20. c4 0-0 21. d5 Qf6 22. Rb1 exd5 23. cxd5 Bxd5 24. Bxh7+ Kxh7 25. Qd3+ Kg8 26. Qxd5 Nb6 27. Qf5 Qh4 28. Rb3 Rfe8 29. Rh3 Rxe1+ 30. Kxe1 Qe7+ 31. Kf1 Nc4 32. Bf4 Re8 33. Qd3 Qe1+ 34. Kg2 Re2 35. Rf3 b5 36. g5 hxg5 37. Qd8+ Re8 38. Qxg5 Ne5 39. Bxe5 Rxe5 40. Qd8+ Re8 41. Qd5 Qe6 42. Qxb5 a6 43. Qd3 c5 44. c4 Qc6 45. Qf5 Re7 46. Qf4 Qb7 47. Kg3 Re6 48. Ng4 Re4 49. Qd6 Qc8 50. Rf4 Re6 51. Qd5 Qc7 52. Kf3 Rd6 53. Qf5 Qb7+ 54. Qe4 Qb3+ 55. Ne3 Qb8 56. Qe7 f6 57. Re4 Qd8 58. Nd5 f5 59. Qxd8+ Rxd8 60. Re7 Kf8 61. Rc7 Rb8 62. Rxc5 1-0

[Event "Saarland-ch Seniors 26th"]
[Site "Germany"]
[Date "2007.04.01"]
[Round "3"]
[White "Schampel, Arno"]
[Black "Becker, Alois"]
[Result "0-1"]
[WhiteElo "1700"]
[BlackElo "1655"]
[PlyCount "92"]
[EventDate "2007.03.30"]
[EventType "swiss"]
[EventRounds "9"]
[EventCountry "GER"]
[SourceTitle "EXT 2008"]
[Source "ChessBase"]
[SourceDate "2007.11.25"]
[SourceVersion "1"]
[SourceVersionDate "2007.11.25"]
[SourceQuality "1"]

1. d4 Nf6 2. c4 g6 3. Nf3 Bg7 4. Nc3 d6 5. e4 0-0 6. h3 Nbd7 7. Be3 e5 8. Qd2 Re8 9. d5 Nc5 10. Qc2 a5 11. Nd2 Bd7 12. b3 c6 13. Be2 cxd5 14. cxd5 Rc8 15. Nc4 Qc7 16. Rc1 b5 17. Nd2 b4 18. Nb5 Qb8 19. Nxd6 Qxd6 20. Bxc5 Qc7 21. 0-0 Bf8 22. Ba6 Qb8 23. Bxc8 Rxc8 24. d6 Bb5 25. Rfe1 Nd7 26. Ba7 Rxc2 27. Bxb8 Rxd2 28. Bc7 Bxd6 29. Bxd6 Rxd6 30. Rc8+ Kg7 31. Ra8 Ba6 32. Rc1 Bb7 33. Rxa5 Bxe4 34. f3 Bf5 35. Rc4 Rd1+ 36. Kh2 Bd3 37. Rd5 Nb6 38. Rxd3 Rxd3 39. Rxb4 Nd5 40. Rb7 Nc3 41. a4 Rd2 42. a5 Ra2 43. b4 h5 44. h4 Ne2 45. g3 Nd4+ 46. Kh1 Nxf3 0-1

[Event "GER-ch Seniors 18th"]
[Site "Dresden"]
[Date "2006.07.25"]
[Round "4"]
[White "Roggenbach, Ottomar"]
[Black "Schampel, Arno"]
[Result "1-0"]
[WhiteElo "1962"]
[BlackElo "1985"]
[PlyCount "137"]
[EventDate "2006.07.22"]
[EventType "swiss"]
[EventRounds "9"]
[EventCountry "GER"]
[SourceTitle "CBM 113 Extra"]
[Source "ChessBase"]
[SourceDate "2006.09.14"]
[SourceVersion "1"]
[SourceVersionDate "2006.09.14"]
[SourceQuality "1"]

1. e4 c5 2. d4 cxd4 3. c3 a6 4. cxd4 d6 5. Nc3 e6 6. Nf3 Be7 7. Bc4 b5 8. Bb3 Bb7 9. a3 Nf6 10. Qe2 0-0 11. 0-0 Re8 12. Bf4 Nh5 13. Be3 Nf6 14. Bf4 Qb6 15. e5 dxe5 16. dxe5 Nfd7 17. Be3 Bc5 18. Rfe1 Nc6 19. Bxc5 Nxc5 20. Bc2 g6 21. Qe3 Nd7 22. Qxb6 Nxb6 23. Ne4 Red8 24. Nd6 Ra7 25. Nxb7 Rxb7 26. Be4 Nd5 27. Rac1 Nce7 28. Nd4 Rbd7 29. Nc6 Nxc6 30. Rxc6 a5 31. Rc5 b4 32. axb4 axb4 33. g3 Ne7 34. Re2 Rd2 35. Rc2 Rxe2 36. Rxe2 Rd4 37. f3 Kf8 38. Kf2 Ke8 39. Ke3 Rd1 40. Rd2 Rxd2 41. Kxd2 Kd7 42. Kd3 Nd5 43. Kc4 Ne3+ 44. Kxb4 Nf1 45. Kc5 Kc7 46. b4 Nxh2 47. b5 Nf1 48. b6+ Kb8 49. g4 h5 50. gxh5 gxh5 51. f4 Ng3 52. Bc6 h4 53. Kd6 Nf5+ 54. Kd7 h3 55. Ke8 Nh6 56. Kf8 h2 57. Kg7 Nf5+ 58. Kxf7 Nd4 59. Be4 Kc8 60. b7+ Kc7 61. Kf6 Kb8 62. Kg5 Nf5 63. Kg4 Ne3+ 64. Kh3 Nd5 65. Bxd5 exd5 66. Kxh2 Kxb7 67. Kg2 d4 68. Kf2 Kc6 69. Ke2 1-0

[Event "Saarland-ch Seniors 25th "]
[Site "Wadg/Hostenbach"]
[Date "2006.04.08"]
[Round "2"]
[White "Schampel, Arno"]
[Black "Schmidt, Erhard"]
[Result "0-1"]
[WhiteElo "1758"]
[BlackElo "1821"]
[PlyCount "87"]
[EventDate "2006.04.07"]
[EventType "swiss"]
[EventRounds "9"]
[EventCountry "GER"]
[SourceTitle "EXT 2007"]
[Source "ChessBase"]
[SourceDate "2006.11.23"]
[SourceVersion "1"]
[SourceVersionDate "2006.11.23"]
[SourceQuality "1"]

1. d4 d5 2. c4 c6 3. cxd5 cxd5 4. Nf3 Nf6 5. Nc3 e6 6. Bg5 Be7 7. e3 0-0 8. Bd3 Nc6 9. a3 h6 10. Bh4 a6 11. Qc2 Bd7 12. 0-0 Rc8 13. Rac1 Nh5 14. Bxe7 Qxe7 15. Qe2 Nf6 16. Rfe1 Qd6 17. h3 Rfe8 18. Bb1 e5 19. dxe5 Nxe5 20. Nd4 Nc6 21. Qd2 Qe5 22. Nf3 Qh5 23. Nh2 Qe5 24. Qd3 g6 25. Ba2 Bf5 26. Qd1 Rcd8 27. Nf3 Qd6 28. Nh4 Be6 29. Qf3 Ne4 30. Qd1 Nxc3 31. bxc3 Qxa3 32. Bb1 Qe7 33. Nf3 Qf6 34. Nd4 Nxd4 35. cxd4 Rc8 36. Qb3 Qe7 37. Bd3 Qd6 38. Qxb7 Rxc1 39. Rxc1 Qa3 40. Qb1 Rc8 41. Rxc8+ Bxc8 42. Qc2 Bd7 43. Qb1 Kg7 44. Kf1 0-1

[Event "Saarland-ch Seniors 23rd"]
[Site "Saarlouis"]
[Date "2004.04.03"]
[Round "2"]
[White "Schampel, Arno"]
[Black "Maas, Karl Heinz"]
[Result "1-0"]
[WhiteElo "1657"]
[BlackElo "1462"]
[PlyCount "105"]
[EventDate "2004.04.02"]
[EventType "swiss"]
[EventRounds "9"]
[EventCountry "GER"]
[SourceTitle "CBM 099 Extra"]
[Source "ChessBase"]
[SourceDate "2004.05.04"]
[SourceVersion "1"]
[SourceVersionDate "2004.05.04"]
[SourceQuality "1"]

1. d4 Nf6 2. Nf3 e6 3. Bg5 d5 4. e3 Bd6 5. c4 c6 6. Nc3 Nbd7 7. c5 Bc7 8. b4 b5 9. a4 a6 10. axb5 cxb5 11. Nxb5 Bb7 12. Nxc7+ Qxc7 13. Qa4 0-0 14. Bd3 h6 15. Bf4 Qc8 16. 0-0 Nb8 17. Ne5 Nc6 18. h3 g5 19. Bh2 Kg7 20. Rfc1 Nd7 21. Nxd7 Qxd7 22. Qb3 f6 23. b5 axb5 24. Bxb5 Rxa1 25. Rxa1 Ra8 26. Rxa8 Bxa8 27. Qa4 Qb7 28. Bd6 Na7 29. Bd3 Nc6 30. Qd1 Nb4 31. Bb1 Nc6 32. Qc2 f5 33. g4 Nb4 34. Qd1 Kg6 35. gxf5+ exf5 36. Qa4 Nc6 37. Qc2 Qf7 38. Qe2 Qb7 39. Qd3 Qd7 40. f3 Bb7 41. Qb5 Nb8 42. Qb6 Nc6 43. Bc2 Kf6 44. Bb3 Ke6 45. Bc7 Qc8 46. e4 Kd7 47. Be5 Nxe5 48. Qd6+ Ke8 49. Qxe5+ Kf7 50. Bxd5+ Bxd5 51. Qxd5+ Qe6 52. Qxf5+ Qxf5 53. exf5 1-0

[Event "Voelklingen ST-ch"]
[Site "Voelklingen"]
[Date "2003.04.16"]
[Round "5.4"]
[White "Schampel, Arno"]
[Black "Wolf, Alfred"]
[Result "1-0"]
[WhiteElo "1660"]
[BlackElo "1758"]
[PlyCount "71"]
[EventDate "2003.04.11"]
[EventType "swiss"]
[EventRounds "7"]
[EventCountry "GER"]
[SourceTitle "EXT 2004"]
[Source "ChessBase"]
[SourceDate "2003.11.25"]
[SourceVersion "1"]
[SourceVersionDate "2003.11.25"]
[SourceQuality "1"]

1. d4 Nf6 2. Nf3 g6 3. c4 Bg7 4. Nc3 0-0 5. e4 d6 6. h3 Nbd7 7. Be2 e5 8. d5 Nc5 9. Qc2 a5 10. a4 c6 11. 0-0 cxd5 12. cxd5 Ne8 13. Rb1 Bd7 14. b4 axb4 15. Rxb4 Rc8 16. Qb1 f5 17. Bg5 Qa5 18. Bd2 fxe4 19. Nxe4 Bf5 20. Rc1 Nf6 21. Rbc4 Qa8 22. Nxf6+ Bxf6 23. Qb6 Be7 24. a5 Qb8 25. Bg5 Nd7 26. Qb5 Nf6 27. Qb3 Kg7 28. Nd2 h6 29. Be3 Rxc4 30. Bxc4 Rc8 31. g4 Bd7 32. Rb1 Bd8 33. a6 b5 34. a7 Qa8 35. Bxb5 Qxd5 36. Qxd5 1-0

[Event "Saarlouis op 4th"]
[Site "Saarlouis"]
[Date "2001.05.25"]
[Round "7"]
[White "Schampel, Arno"]
[Black "Rau, Dietmar"]
[Result "1-0"]
[WhiteElo "1672"]
[BlackElo "1658"]
[PlyCount "43"]
[EventDate "2001.05.??"]
[EventType "swiss"]
[EventRounds "9"]
[EventCountry "GER"]
[SourceTitle "EXT 2006"]
[Source "ChessBase"]
[SourceDate "2005.11.24"]
[SourceVersion "1"]
[SourceVersionDate "2005.11.24"]
[SourceQuality "1"]

1. d4 Nf6 2. c4 g6 3. Nc3 d5 4. Nf3 c6 5. cxd5 cxd5 6. h3 Bg7 7. Bf4 0-0 8. e3 a6 9. Bd3 Nc6 10. Rc1 Nh5 11. Bh2 f5 12. 0-0 e6 13. Ne2 g5 14. Ng3 Nxg3 15. Bxg3 h5 16. Ne5 Nxe5 17. dxe5 f4 18. Qxh5 Rf7 19. exf4 gxf4 20. Bh4 Qb6 21. Bg6 Rc7 22. Bd8 1-0

[Event "Saarlouis op 4th"]
[Site "Saarlouis"]
[Date "2001.05.21"]
[Round "4"]
[White "Vierroth, Hans"]
[Black "Schampel, Arno"]
[Result "0-1"]
[WhiteElo "1747"]
[BlackElo "1672"]
[PlyCount "81"]
[EventDate "2001.05.??"]
[EventType "swiss"]
[EventRounds "9"]
[EventCountry "GER"]
[SourceTitle "EXT 2006"]
[Source "ChessBase"]
[SourceDate "2005.11.24"]
[SourceVersion "1"]
[SourceVersionDate "2005.11.24"]
[SourceQuality "1"]

1. d4 Nf6 2. Nf3 e6 3. Bf4 d5 4. e3 Nbd7 5. h3 c5 6. c3 a6 7. Bd3 b5 8. Nbd2 c4 9. Bc2 h6 10. 0-0 Bb7 11. Re1 Be7 12. e4 dxe4 13. Nxe4 Nxe4 14. Bxe4 Bxe4 15. Rxe4 Nf6 16. Re2 0-0 17. Qc2 Nd5 18. Bg3 Rc8 19. Rae1 a5 20. a3 b4 21. Ra1 Qb6 22. Ne5 Rfd8 23. Re4 bxa3 24. bxa3 a4 25. Bh4 Bxh4 26. Rxh4 Qb3 27. Qxb3 axb3 28. Rb1 Nxc3 29. Rb2 Nb5 30. Rf4 f6 31. Ng6 Rd7 32. a4 Nxd4 33. Rxd4 Ra7 34. f4 Kf7 35. Nh4 Rxa4 36. Rd7+ Kg8 37. Re7 c3 38. Rxb3 c2 39. Rbb7 c1Q+ 40. Kh2 Qxf4+ 41. Kg1 0-1